000 00883 a2200241 4500
005 20080819155920.0
008 080819t xxu||||| |||| 00| 0 eng d
010 _aENG-84760
020 _a8180545016
_c220.00
035 _aEN-68293
037 _bD.B.Act / Pub
040 _adpl
_bEnglish
082 _a343.54055
100 _aBalachandran, V.
245 _aIndirect taxation
_bI
_cby V. Balachandran
250 _a11th ed
260 _aNew Delhi
_bSultan Chand and Sons
_c2006
270 _a23, Darya Ganj,
_bNew Delhi
_cDelhi
_e110002
_k23266105
_l23266357
300 _avarious pagings
_c21 cm (Pbk)
650 _aTaxation
_xIndirect
942 _adpl
_cEN
_k343.54055 / BAL
_2ddc
_h343.54055
_mBAL
999 _c325
_d325